000 01145nam a2200265 i 4500
001 181770
003 ES-MaACL
005 20260217130543.0
008 130325s1925 sp f |||| | spa d
080 _a725.826.032.7(460.253 Mérida)
080 _a904(460.253 Mérida)
100 1 _aMélida y Alinari, José Ramón,
_d1856-1933
_979969
245 1 3 _aEl circo romano de Mérida
_b: memoria de las excavaciones practicadas de 1920 a 1925 /
_cpor Don José Ramón Mélida.
260 _aMadrid :
_b[s.n.],
_c1925 (
_fTip. de la "Revista de Arch., Bibl. y Mus.")
300 _a8 p., III lám., 1 plano pleg. ;
_c24 cm.
490 1 _aJunta Superior de Excavaciones y Antigüedades ;
_vn. 72 = n. 2, 1924-25
530 _aDisponible en formato digital.
610 2 4 _aCirco romano (Mérida)
_9152514
651 _aMérida-
_xRestos arqueológicos.
_9152465
830 0 _aJunta Superior de Excavaciones y Antigüedades ;
_vn. 72 = n. 2, 1924-25
_9191570
852 _aES-MaACL
_jE-3374(2)
_cDEPO2
856 4 _uhttp://bdh-rd.bne.es/viewer.vm?id=0000253603&page=1
_yBiblioteca Digital Hispánica
942 _2udc
999 _c181770
_d181770